Tecnología y comunicación educativas : un encuentro de los países de América Latina (Record no. 2423)
[ view plain ]
| 000 -CABECERA | |
|---|---|
| campo de control de longitud fija | 00547cas a22001932a 4500 |
| 001 - NÚMERO DE CONTROL | |
| campo de control | 000514 |
| 003 - IDENTIFICADOR DEL NÚMERO DE CONTROL | |
| campo de control | AR-FADEU |
| 008 - DATOS DE LONGITUD FIJA--INFORMACIÓN GENERAL | |
| campo de control de longitud fija | 311216n############xxu####################dd |
| 092 ## - ASIGNACIÓN LOCAL DE SIGNATURA TOPOGRÁFICA DEWEY (OCLC) | |
| Número de clasificación | PP(371.32)TEC |
| 022 ## - NÚMERO INTERNACIONAL NORMALIZADO PARA PUBLICACIONES SERIADAS | |
| Número Internacional Normalizado para Publicaciones Seriadas | 0187-0785 |
| 245 ## - MENCIÓN DE TÍTULO | |
| Título | Tecnología y comunicación educativas : un encuentro de los países de América Latina |
| 260 ## - PUBLICACIÓN, DISTRIBUCIÓN, ETC. (PIE DE IMPRENTA) | |
| Nombre del editor, distribuidor, etc. | ILCE |
| 260 ## - PUBLICACIÓN, DISTRIBUCIÓN, ETC. (PIE DE IMPRENTA) | |
| Nombre del editor, distribuidor, etc. | UNESCO |
| 260 ## - PUBLICACIÓN, DISTRIBUCIÓN, ETC. (PIE DE IMPRENTA) | |
| Lugar de publicación, distribución, etc. | México |
| 260 ## - PUBLICACIÓN, DISTRIBUCIÓN, ETC. (PIE DE IMPRENTA) | |
| Lugar de publicación, distribución, etc. | Instituto Latinoamericfano de la Comunicación Educativa |
| 300 ## - DESCRIPCIÓN FÍSICA | |
| Otras características físicas | 1992 (oct.); 1994 (22-24) |
| 310 ## - PERIODICIDAD ACTUAL | |
| Periodicidad actual | trimestral |
| 942 ## - ELEMENTOS DE PUNTO DE ACCESO ADICIONAL (KOHA) | |
| Tipo de ítem Koha | PPGR |
No items available.